000 00622nam a2200229Ia 4500
003 OSt
005 20220918205531.0
006 a|||||r|||| 00| 0
007 ta
008 220917b |||||||| |||| 00| 0 eng d
024 _a116,937
037 _cTextual
040 _aARTS
_cARTS
_beng
041 _2eng
_aeng
082 _aV63:4:N0, D1 (906)
100 _aSternberg Count
_9115405
245 0 _aMy experiences of the Boer War, tr from the German by G F R Hendersn
260 _c1901
650 _aHISTORY
942 _hV63:4:N0, D1 (906)
_cTEXL
_2CC
999 _c240256
_d240256